UBT Library

Encyclopedia of aging / (Record no. 47155)

000 -LEADER
fixed length control field 00867cam a22002534a 4500
001 - CONTROL NUMBER
control field 12686332
005 - DATE AND TIME OF LATEST TRANSACTION
control field 20180814082927.0
008 - FIXED-LENGTH DATA ELEMENTS--GENERAL INFORMATION
fixed length control field 020221s2002 nyua be 001 0 eng
010 ## - LIBRARY OF CONGRESS CONTROL NUMBER
LC control number 2002002596
020 ## - INTERNATIONAL STANDARD BOOK NUMBER
International Standard Book Number 0028654722 (set : hardcover : alk. paper)
035 ## - SYSTEM CONTROL NUMBER
System control number (DLC) 2002002596
040 ## - CATALOGING SOURCE
Original cataloging agency DLC
Transcribing agency DLC
Modifying agency DLC
041 ## - LANGUAGE CODE
Language code of text/sound track or separate title eng
042 ## - AUTHENTICATION CODE
Authentication code pcc
080 ## - UNIVERSAL DECIMAL CLASSIFICATION NUMBER
Universal Decimal Classification number 305.2603 EKE
082 00 - DEWEY DECIMAL CLASSIFICATION NUMBER
Classification number 305.2603 EKE
Edition number 21
100 ## - Rafti
Rafti 23
101 ## - Shkurtesa
Shkurtesa ENC
245 00 - TITLE STATEMENT
Title Encyclopedia of aging /
Statement of responsibility, etc David J. Ekerdt, editor in chief.
504 ## - BIBLIOGRAPHY, ETC. NOTE
Bibliography, etc Includes bibliographical references and index.
906 ## - LOCAL DATA ELEMENT F, LDF (RLIN)
a 7
b cbc
c orignew
d 1
e ecip
f 20
g y-gencatlg
942 ## - ADDED ENTRY ELEMENTS (KOHA)
Source of classification or shelving scheme
Item type Books
Holdings
Withdrawn status Lost status Source of classification or shelving scheme Damaged status Not for loan Collection code Permanent location Current location Shelving location Date acquired Total Checkouts Full call number Barcode Date last seen Price effective from Koha item type
          Koleksioni i përgjithshem UBT - Lipjan UBT - Lipjan Koleksioni i përgjithshem 08/14/2018   305.2603 EKE 002-3011207 08/14/2018 08/14/2018 Books
          Koleksioni i përgjithshem UBT - Lipjan UBT - Lipjan Koleksioni i përgjithshem 08/14/2018   305.2603 EKE 002-3011206 08/14/2018 08/14/2018 Books
          Koleksioni i përgjithshem UBT - Lipjan UBT - Lipjan Koleksioni i përgjithshem 08/14/2018   305.2603 EKE 002-3011201 08/14/2018 08/14/2018 Books
          Koleksioni i përgjithshem UBT - Lipjan UBT - Lipjan Koleksioni i përgjithshem 08/14/2018   305.2603 EKE 002-3011196 08/14/2018 08/14/2018 Books
UBT Library © 2015-2024. All rights reserved University Education for Business and Technology